[Event "Pan American-ch U20"]
[Site "Guayaquil"]
[Date "2018.06.19"]
[Round "1"]
[White "Guo, Arthur"]
[Black "Figueroa Garcia, Rafael Leandro"]
[Result "1-0"]
[WhiteElo "2165"]
[BlackElo "1539"]
[PlyCount "65"]
[EventDate "2018.06.19"]
[EventType "swiss"]
[EventRounds "9"]
[EventCountry "ECU"]
[SourceTitle "EXT 2019"]
[Source "ChessBase"]
[SourceDate "2018.10.10"]
[SourceVersion "1"]
[SourceVersionDate "2018.10.10"]
[SourceQuality "1"]

1. e4 g6 2. d4 Bg7 3. Nc3 d6 4. Be3 Nf6 5. f3 c6 6. Qd2 b5 7. Bd3 e5 8. Nge2 Nbd7 9. d5 cxd5 10. Nxb5 Nc5 11. Bxc5 dxc5 12. exd5 a6 13. Nbc3 Rb8 14. 0-0-0 Nxd5 15. Nxd5 e4 16. Nec3 exd3 17. Qf4 Bf5 18. Nc7+ Kf8 19. Rxd3 Bd4 20. g4 Bc8 21. Qh6+ Kg8 22. Re1 Bd7 23. Rxd4 cxd4 24. N3d5 Be6 25. Rxe6 fxe6 26. Nxe6 Kf7 27. Nxd8+ Rbxd8 28. Qg5 Ke6 29. Nb4 Rhe8 30. Nc6 Rd5 31. Nxd4+ Kd6 32. Qf6+ Kc5 33. Qc6+ 1-0